000 00506nam a22001457a 4500
082 _a004
100 _aFakhar, Muhammad Zaman
245 _aPosition based Sentence Search for Encrypted Unstructured Data in Cloud Environment /
_cMuhammad Zaman Fakhar
260 _aIslamabad
_bCEME - NUST,
_c2013.
300 _a71 p. ;
650 _aComputer Software Engineering-MS-Thesis
_916105
700 _aDr. Shoab Ahmed Khan
_916053
942 _2ddc
_cTHE
999 _c540884
_d540884